Supports of convolutions /

Guardado en:
Autor Principal: Diego, Antonio.
Formato: Libro
Idioma:English
Publicado: Rio de Janeiro : Instituto de Matemática Pura e Aplicada, Conselho Nacional de Pesquisas, 1968.
Series:Notas de matemática ; no. 38
Etiquetas: Agregar Etiqueta
Sin Etiquetas, Sea el primero en etiquetar este registro!
LEADER 00559nam a22001575a 4500
001 MAT.inmabb001805
008 031218s1968####bl#######b####000#0#eng#d
005 20170622175553.0
245 1 0 |a Supports of convolutions /  |c by A. Diego. 
260 |a Rio de Janeiro :  |b Instituto de Matemática Pura e Aplicada, Conselho Nacional de Pesquisas,  |c 1968. 
300 |a iii, 97 p. ;  |c 27 cm. 
440 0 |a Notas de matemática ;  |v no. 38 
504 |a Incluye referencias bibliográficas. 
100 1 |a Diego, Antonio. 
084 |a 46-XX  |2 msc2000 
859 |h 46  |i D559  |p A-3232  |b BIB. MATEMATICA